Datum a čas kvízu
20.5
Celkem bodů
Celkový počet nahraných bodů na tomto kvízu bez doplňovacích otázek.
6.
Pořadí na kvízu
Konečné umístění týmu na tomto kvízu.
Zaznamenané odpovědi
| # | Otázka | Odpověď | Body | Výsledky |
|---|---|---|---|---|
| 1. | Ústavní soud zamítl návrhy pre... | lex Babiš | 1 | |
| 2. | Mluvčí afghánského radikálního... | Tálibán | 1 | |
| 3. | Hit jedné norské hudební skupi... | Take On Me | 0 | |
| 4. | Minulý týden vydal Krajský sou... | Mladá fronta | 0 | |
| 5. | Zraní-li se anebo je-li vylouč... | dělá rolbaře | 1 | |
| 6. | Na tento týden připadá období... | pečenáč | 0 | |
| 7. | S tímto zvláštně vypadajícím p... | (prase) bradavičnaté | 0 | |
| 8. | Již delší dobu se experimentuj... | xenotransplantace | 0 | |
| 9. | Prase je čistotné a inteligent... | D | 1 | |
| 10. | Obliba miniprasátek jako domác... | Babe | 0 |